000
00309nam a2200121Ia 4500
008
231120s2016 xx 000 0 und d
041
_a
eng
082
_a
741.2
100
_a
HAZEL HARRISON
245
_a
THE ENCYCLOPEDIA OF DRAWING TECHNIQUES
260
_a
SEARCH PRESS
_b
SEARCH PRESS
_c
2016
300
_a
P-160
999
_c
933437
_d
933437